书目信息 |
| 题名: |
辛亥前十年中国政治通览
|
|
| 作者: | 杜亚泉 著 | |
| 分册: | ||
| 出版信息: | 北京 中华书局 2012.03 |
|
| 页数: | 18,309页 | |
| 开本: | 21cm | |
| 丛书名: | ||
| 单 册: | ||
| 中图分类: | K257.07 | |
| 科图分类: | ||
| 主题词: | 辛亥革命--研究 , 辛亥革命 | |
| 电子资源: | ||
| ISBN: | 978-7-101-08209-8 | |
| 000 | 00742nam0 2200241 450 | |
| 001 | 005293729 | |
| 005 | 20120626150237.68 | |
| 010 | @a978-7-101-08209-8@dCNY32.00 | |
| 100 | @a20120529d2012 em y0chiy50 ea | |
| 101 | 0 | @achi |
| 102 | @aCN@b110000 | |
| 105 | @ak z 000yy | |
| 106 | @ar | |
| 200 | 1 | @a辛亥前十年中国政治通览@9xin hai qian shi nian zhong guo zheng zhi tong lan@f杜亚泉等著 |
| 210 | @a北京@c中华书局@d2012.03 | |
| 215 | @a18,309页@d21cm | |
| 330 | @a本书从辛亥革命当事人的角度,回顾辛亥前十年的经历,分析革命的前因后果。 | |
| 606 | 0 | @a辛亥革命@x研究 |
| 606 | 0 | @a辛亥革命 |
| 690 | @aK257.07@v5 | |
| 701 | 0 | @a杜亚泉@9du ya quan@f(1873-1933)@4著 |
| 801 | 0 | @aCN@bNLC@c20120529 |
| 905 | @b540741-45@dK257.07@e47@f5 | |
| 辛亥前十年中国政治通览/杜亚泉等著.-北京:中华书局,2012.03 |
| 18,309页;21cm |
| ISBN 978-7-101-08209-8:CNY32.00 |
| 本书从辛亥革命当事人的角度,回顾辛亥前十年的经历,分析革命的前因后果。 |
| ● |
| 相关链接 |
|
|
|
|
正题名:辛亥前十年中国政治通览
索取号:K257.07/47
 
预约/预借
| 序号 | 登录号 | 条形码 | 馆藏地/架位号 | 状态 | 备注 |
| 1 | 540741 | 205407415 | 第二样本阅览室/ [索取号:K257.07/47] | 在馆 | |
| 2 | 540742 | 205407424 | 密集书库-史法系/ [索取号:K257.07/47] | 在馆 | |
| 3 | 540743 | 205407433 | 第二借阅区/ [索取号:K257.07/47] | 在馆 | |
| 4 | 540744 | 205407442 | 第二借阅区/ [索取号:K257.07/47] | 在馆 | |
| 5 | 540745 | 205407451 | 第二借阅区/ [索取号:K257.07/47] | 在馆 |